<?xml version="1.0" encoding="UTF-8"?>
<record
    xmlns:xsi="http://www.w3.org/2001/XMLSchema-instance"
    xsi:schemaLocation="http://www.loc.gov/MARC21/slim http://www.loc.gov/standards/marcxml/schema/MARC21slim.xsd"
    xmlns="http://www.loc.gov/MARC21/slim">

  <leader>01333cam a2200289 a 4500</leader>
  <controlfield tag="001">j  66003018 </controlfield>
  <controlfield tag="003">DLC</controlfield>
  <controlfield tag="005">20260227111521.0</controlfield>
  <controlfield tag="008">950922m19009999ja a     b    000 0 jpn  </controlfield>
  <datafield tag="010" ind1=" " ind2=" ">
    <subfield code="a">j  66003018 </subfield>
  </datafield>
  <datafield tag="035" ind1=" " ind2=" ">
    <subfield code="a">(CStRLIN)DCLP95-B19445</subfield>
  </datafield>
  <datafield tag="040" ind1=" " ind2=" ">
    <subfield code="a">DLC-R</subfield>
    <subfield code="c">DLC-R</subfield>
    <subfield code="d">DLC</subfield>
  </datafield>
  <datafield tag="043" ind1=" " ind2=" ">
    <subfield code="a">a-ja---</subfield>
  </datafield>
  <datafield tag="050" ind1="0" ind2="0">
    <subfield code="a">SD433</subfield>
    <subfield code="b">.N5</subfield>
  </datafield>
  <datafield tag="066" ind1=" " ind2=" ">
    <subfield code="c">$1</subfield>
  </datafield>
  <datafield tag="245" ind1="0" ind2="0">
    <subfield code="6">880-01</subfield>
    <subfield code="a">Ringy&#x14D; gijutsu s&#x14D;sho.</subfield>
  </datafield>
  <datafield tag="260" ind1=" " ind2=" ">
    <subfield code="6">880-02</subfield>
    <subfield code="a">T&#x14D;ky&#x14D; :</subfield>
    <subfield code="b">Nihon Ringy&#x14D; Gijutsu Ky&#x14D;kai,</subfield>
    <subfield code="c">&lt;Sh&#x14D;wa 24-33   [1949-1958   &gt;</subfield>
  </datafield>
  <datafield tag="300" ind1=" " ind2=" ">
    <subfield code="a">v. &lt;4-5, 16, 19-20   &gt; :</subfield>
    <subfield code="b">ill. ;</subfield>
    <subfield code="c">19-26 cm.</subfield>
  </datafield>
  <datafield tag="504" ind1=" " ind2=" ">
    <subfield code="a">Includes bibliographical references.</subfield>
  </datafield>
  <datafield tag="505" ind1="1" ind2=" ">
    <subfield code="a">-- dai 4-sh&#x16B;. Shinrin kumiai no arikata / &#x14C;saki Rokur&#x14D; cho -- dai 5-sh&#x16B;. Shokubutsu no seiri to tsugiki no jissai / Shirai Yasaka cho    -- dai 16-sh&#x16B;. Y&#x16B;mei mokutan to sono seih&#x14D; / Uchida Akira hen    -- dai 19-sh&#x16B;. Rinboku no tame to sono toriatsukai / Ozawa Junjir&#x14D; cho -- dai 20-sh&#x16B;. Nihon matsubayashi no seitaigakuteki kenky&#x16B; / Yoshioka Kuniji cho</subfield>
  </datafield>
  <datafield tag="650" ind1=" " ind2="0">
    <subfield code="a">Forests and forestry</subfield>
    <subfield code="x">Research.</subfield>
  </datafield>
  <datafield tag="650" ind1=" " ind2="0">
    <subfield code="a">Forests and forestry</subfield>
    <subfield code="z">Japan.</subfield>
  </datafield>
  <datafield tag="710" ind1="2" ind2=" ">
    <subfield code="6">880-03</subfield>
    <subfield code="a">Nihon Ringy&#x14D; Gijutsu Ky&#x14D;kai.</subfield>
  </datafield>
  <datafield tag="880" ind1="0" ind2="0">
    <subfield code="6">245-01/$1</subfield>
    <subfield code="a">&#x6797;&#x696D;&#x6280;&#x8853;&#x53E2;&#x66F8;.</subfield>
  </datafield>
  <datafield tag="880" ind1=" " ind2=" ">
    <subfield code="6">260-02/$1</subfield>
    <subfield code="a">&#x6771;&#x4EAC; :</subfield>
    <subfield code="b">&#x65E5;&#x672C;&#x6797;&#x696D;&#x6280;&#x8853;&#x5354;&#x6703;,</subfield>
    <subfield code="c">&lt;&#x662D;&#x548C; 24-33   [1949-1958   &gt;</subfield>
  </datafield>
  <datafield tag="880" ind1="2" ind2=" ">
    <subfield code="6">710-03/$1</subfield>
    <subfield code="a">&#x65E5;&#x672C;&#x6797;&#x696D;&#x6280;&#x8853;&#x5354;&#x6703;.</subfield>
  </datafield>
  <datafield tag="999" ind1=" " ind2=" ">
    <subfield code="c">35116</subfield>
    <subfield code="d">35116</subfield>
  </datafield>
</record>
